Normal view
MARC view
- PRAVALIKA Y.R
Entry Personal Name
001 - CONTROL NUMBER
- control field: 3862
003 - CONTROL NUMBER IDENTIFIER
- control field: OSt
005 - DATE AND TIME OF LATEST TRANSACTION
- control field: 20181103160435.0
008 - FIXED-LENGTH DATA ELEMENTS
- fixed length control field: 181103|| aca||aabn | a|a d
040 ## - CATALOGING SOURCE
- Original cataloging agency: OSt
- Transcribing agency: OSt
100 ## - HEADING--PERSONAL NAME
- Personal name: PRAVALIKA Y.R
670 ## - SOURCE DATA FOUND
- Source citation: Work cat.: (OSt)14900: PRAVALIKA Y.R, Assessment of Evapotranspiration Models for the Humid Tropical Region of Tavanur
